The historian : (Record no. 2301)

MARC details
000 -LEADER
fixed length control field 00908cam a2200205 4500
001 - CONTROL NUMBER
control field 2870
003 - CONTROL NUMBER IDENTIFIER
control field OCoLC
005 - DATE AND TIME OF LATEST TRANSACTION
control field 20181127165946.0
008 - FIXED-LENGTH DATA ELEMENTS--GENERAL INFORMATION
fixed length control field 040927s2005 nyub 000 1 eng
020 ## - INTERNATIONAL STANDARD BOOK NUMBER
International Standard Book Number 9780751537291
043 ## - GEOGRAPHIC AREA CODE
Geographic area code ee-----
100 1# - MAIN ENTRY--PERSONAL NAME
Personal name Kostova, Elizabeth.
245 14 - TITLE STATEMENT
Title The historian :
Remainder of title a novel /
Statement of responsibility, etc. Elizabeth Kostova.
260 ## - PUBLICATION, DISTRIBUTION, ETC.
Place of publication, distribution, etc. London :
Name of publisher, distributor, etc. Sphere,
Date of publication, distribution, etc. 2008.
300 ## - PHYSICAL DESCRIPTION
Extent ix, 704 p. :
Dimensions 18 cm.
520 ## - SUMMARY, ETC.
Summary, etc. A young woman discovers an ancient book and a cache of old letters in her father's library, and thus begins her adventurous quest for the truth about Vlad the Impaler, a search that will span continents and generations, and a confrontation with the darkest powers of evil.
600 ## - SUBJECT ADDED ENTRY--PERSONAL NAME
Personal name Vlad -- III, -- Prince of Wallachia, -- 1430 or 1431-1476 or 1477 -- Fiction.
Numeration
Titles and other words associated with a name
Dates associated with a name
Relator term
Date of a work
Form subheading
Language of a work
Medium of performance for music
Number of part/section of a work
Arranged statement for music
Name of part/section of a work
Fuller form of name
Key for music
Version
Title of a work
Form subdivision
General subdivision
Chronological subdivision
Geographic subdivision
Source of heading or term
650 ## - SUBJECT ADDED ENTRY--TOPICAL TERM
Topical term or geographic name entry element Scholars --
Form subdivision Fiction.
General subdivision
Chronological subdivision
Geographic subdivision
Source of heading or term
Topical term or geographic name entry element Vampires
Form subdivision Fiction.
Holdings
Withdrawn status Lost status Source of classification or shelving scheme Damaged status Not for loan Collection code Home library Current library Shelving location Date acquired Serial Enumeration / chronology Inventory number Total Checkouts Total Renewals Full call number Barcode Date last seen Date last checked out Price effective from Koha item type
    Dewey Decimal Classification     Fiction RTC Library RTC Library Fiction 10/03/2021 5138 5 3 FIC 813.54 KOS 30000897 25/04/2024 10/04/2024 27/11/2018 Fiction
Royal Thimphu College || All Right Reserved